000 01054nam a2200229 a 4500
001 48753
003 BD-RjUL
005 20211209054559.0
008 160816s1991 ii ||||| |||| 00| p ben d
020 _c: Tk. 20.00
035 _a(BD-RjUL)48872
040 _aBD-RjUL
_bben
_cBD-RjUL
041 _aben
082 _223
_a891.44109
_bBAN 1991
245 0 0 _aবাংলা কবিতার প্রাকৃতায়ন :
_bউত্তর আধুনিক কবিতা /
_cসম্পাদনা বীরেন্দ্র চক্রবর্তী
260 _aকলকাতা :
_bগ্রন্থালয় প্রাইভেট লিমিটেড,
_c১৯৯১
300 _a[১০], ১১৭ পৃ. ;
_c১৯ সেমি
650 _aবাংলা কবিতা
_xইতিহাস ও সমালোচনা
_9147072
650 _aBengali Poetry
_xHistory and Criticism
_9147073
700 _aচক্রবর্তী, বীরেন্দ্র, সম্পাদক
_9147074
942 _2ddc
_cBK
999 _c48753
_d48753